A Csanádi egyházmegye kormányzata 1848-1849-ben
Elmentve itt :
| Szerző: | |
|---|---|
| Dokumentumtípus: | Cikk |
| Megjelent: |
2011
|
| Sorozat: | Aetas
26 No. 4 |
| Kulcsszavak: | Egyháztörténet |
| Online Access: | http://acta.bibl.u-szeged.hu/30939 |
| LEADER | 00589nab a2200181 i 4500 | ||
|---|---|---|---|
| 001 | acta30939 | ||
| 005 | 20210422153007.0 | ||
| 008 | 161017s2011 hu o 0|| hun d | ||
| 022 | |a 0237-7934 | ||
| 040 | |a SZTE Egyetemi Kiadványok Repozitórium |b hun | ||
| 041 | |a hun | ||
| 100 | 1 | |a Zakar Péter | |
| 245 | 1 | 2 | |a A Csanádi egyházmegye kormányzata 1848-1849-ben |h [elektronikus dokumentum] / |c Zakar Péter |
| 260 | |c 2011 | ||
| 300 | |a 82-101 | ||
| 490 | 0 | |a Aetas |v 26 No. 4 | |
| 695 | |a Egyháztörténet | ||
| 856 | 4 | 0 | |u http://acta.bibl.u-szeged.hu/30939/1/aetas_2011_004_082-101.pdf |z Dokumentum-elérés |